000 01687 a2200253 4500
001 49895
005 20260407155759.0
008 260407a1998 arg spa d
003 AR-UNSa-BCEJYS
040 _aAR-UNSa-BCEJYS
_bspa
_cAR-UNSa-BCEJYS
080 _a330.101.542
_xMicroeconomía
245 1 0 _aPrincipios de microeconomía
020 _a84-481-2104-X
264 1 _aMadrid :
_bMcGraw-Hill
_c1998
300 _axxxiii, 451 p.
_c25 cm.
505 _a1. Los diez principios de la microeconomía – 2. Pensar como un economista – 3. Interdependencia y ganancias derivadas del comercio – 4. Las fuerza de mercado de la oferta y la demanda – 5. La elasticidad y su aplicación – 6. La oferta, la demanda y la política económica – 7. Los consumidores, los productores y la eficiencia de los mercados – 8. Aplicación: los costes de la tributación – 9. Aplicación: el comercio internacional – 10. Las externalidades – 11. Los bienes públicos y los recursos comunes – 12. La elaboración del sistema tributario – 13. Los costes de producción – 14. Las empresas de los mercados competitivos – 15. El monopolio – 16. El oligopolio – 17. La competencia monopolística – 18. Los mercados de factores de producción – 19. Los ingresos y la discriminación – 20. La distribución de la renta – 21. La teoría de la elección del consumidor.
041 _aspa
942 _cBK
590 _aniveau_biblio:m niveau_hierar:0
100 1 _aMankiw, N. Gregory
700 1 _aRabasco Espáriz, Esther
700 1 _aToharia Cortés, Luis
856 4 1 _uhttps://www.biblioeco.unsa.edu.ar/pmb/images/libros/L128220.jpg
_yImagen de portada
_qimage/jpeg
999 _c4909
_d4909